| 000 | 00369pab a2200145 454500 | ||
|---|---|---|---|
| 008 | 180718b1998 xxu||||| |||| 00| 0 eng d | ||
| 245 | _aINDIAN police after 50 years of independence - a special issue | ||
| 260 | _c1998 | ||
| 300 | _ap.1-122 | ||
| 362 | _aJan-Jun | ||
| 650 | _aPolice - India | ||
| 650 | _aPolice | ||
| 773 | _aIndian Police Journal | ||
| 909 | _a37460 | ||
| 999 |
_c37460 _d37460 |
||